书目信息 |
| 题名: |
深入理解机器学习
|
|
| 作者: | 本-戴维 , 沙莱夫-施瓦茨 , 沙伊·沙莱夫-施瓦茨 著 ;张文生 译 | |
| 分册: | ||
| 出版信息: | 北京 机械工业出版社 2016.07 |
|
| 页数: | 12,309页 | |
| 开本: | 26cm | |
| 丛书名: | 计算机科学丛书 | |
| 单 册: | ||
| 中图分类: | TP181 | |
| 科图分类: | ||
| 主题词: | 机器学习--研究 | |
| 电子资源: | ||
| ISBN: | 978-7-111-54302-2 | |
| 000 | 01465nam 2200289 450 | |
| 001 | 964253 | |
| 005 | 20180118101906.55 | |
| 010 | @a978-7-111-54302-2@dCNY79.00 | |
| 100 | @a20170516d2016 em y0chiy50 ea | |
| 101 | 1 | @achi@ceng |
| 102 | @aCN@b110000 | |
| 105 | @ay z 001yy | |
| 200 | 1 | @a深入理解机器学习@Ashen ru li jie ji qi xue xi@e从原理到算法@dUnderstanding machine learning@efrom theory to algorithms@f(以)沙伊·沙莱夫-施瓦茨(Shai Shalev-Shwartz),(加)沙伊·本-戴维(Shai Ben-David)著@F(yi)sha yi·sha lai fu-shi wa ci(Shai Shalev-Shwartz),(jia)sha yi·ben-dai wei(Shai Ben-David)zhu@g张文生等译@zeng |
| 210 | @a北京@c机械工业出版社@d2016.07 | |
| 215 | @a12,309页@d26cm | |
| 225 | 2 | @a计算机科学丛书 |
| 306 | @a剑桥大学出版社与机械工业出版社合作出版 | |
| 330 | @a本书涵盖了机器学习领域中的严谨理论和实用方法,讨论了学习的计算复杂度、凸性和稳定性、PAC-贝叶斯方法、压缩界等概念,并介绍了一些重要的算法范式,包括随机梯度下降、神经元网络以及结构化输出。 | |
| 510 | 1 | @aUnderstanding machine learning@efrom theory to algorithms@zeng |
| 606 | 0 | @a机器学习@x研究 |
| 690 | @aTP181@v5 | |
| 701 | 0 | @c(加)@a本-戴维@Aben - dai wei@c(Ben-David, Shai)@4著 |
| 701 | 0 | @c(以)@a沙莱夫-施瓦茨@Asha lai fu - shi wa ci@c(Shalev-Shwartz, Shai)@4著 |
| 701 | 0 | @a沙伊·沙莱夫-施瓦茨@Asha yi·sha lai fu-shi wa ci@bShaiShalev-Shwartz@4著 |
| 702 | 0 | @a张文生@Azhang wen sheng@c(自动化)@4译 |
| 801 | 0 | @aCN@c20170516 |
| 905 | @a河南城建学院图书馆@dTP181@eS058 | |
| 深入理解机器学习:从原理到算法=Understanding machine learning:from theory to algorithms/(以)沙伊·沙莱夫-施瓦茨(Shai Shalev-Shwartz),(加)沙伊·本-戴维(Shai Ben-David)著/张文生等译.-北京:机械工业出版社,2016.07 |
| 12,309页;26cm.-(计算机科学丛书) |
| ISBN 978-7-111-54302-2:CNY79.00 |
| 本书涵盖了机器学习领域中的严谨理论和实用方法,讨论了学习的计算复杂度、凸性和稳定性、PAC-贝叶斯方法、压缩界等概念,并介绍了一些重要的算法范式,包括随机梯度下降、神经元网络以及结构化输出。 |
| ● |
| 相关链接 |
|
|
|
正题名:深入理解机器学习
索取号:TP181/S058
 
预约/预借
| 序号 | 登录号 | 条形码 | 馆藏地/架位号 | 状态 | 备注 |
| 1 | 1233942 | 212339423 | 计算机与数据科学学院资料室/ [索取号:TP181/S058] | 在馆 | |
| 2 | 1281694 | 212816942 | 计算机与数据科学学院资料室/ [索取号:TP181/S058] | 在馆 |